| 000 | 00000nam 2200000zi 4500 |
| 001 | 9.884852 |
| 003 | CaOODSP |
| 005 | 20240220125552 |
| 006 | m o d f |
| 007 | cr cn||||||||| |
| 008 | 200219s2020 onc o f000 0 fre d |
| 020 | |a9780660341897 |
| 040 | |aCaOODSP|bfre|erda|cCaOODSP |
| 043 | |an-cn--- |
| 086 | 1 |aCi4-204/2020F-PDF |
| 245 | 00|aQu'est-ce que le permis de travail ouvert pour les travailleurs vulnérables? |
| 264 | 1|a[Ottawa] : |bImmigration, réfugiés et citoyenneté Canada = Immigration, Refugees and Citizenship Canada, |c[2020] |
| 300 | |a1 ressource en ligne (1 page) |
| 336 | |atexte|btxt|2rdacontent/fre |
| 337 | |ainformatique|bc|2rdamedia/fre |
| 338 | |aressource en ligne|bcr|2rdacarrier/fre |
| 500 | |aPublié aussi en anglais sous le titre : What is the open work permit for vulnerable workers? |
| 500 | |a« IRCC-2917-05-2020. » |
| 650 | 6|aTravailleurs étrangers|xViolence envers|xPolitique gouvernementale|zCanada. |
| 650 | 6|aTravailleurs étrangers|xTravail|xPolitique gouvernementale|zCanada. |
| 710 | 1 |aCanada. |bImmigration, réfugiés et citoyenneté Canada, |eorganisme de publication. |
| 775 | 08|tWhat is the open work permit for vulnerable workers?|w(CaOODSP)9.884851 |
| 775 | 08|tQué es el permiso de trabajo abierto para trabajadores vulnerables?|w(CaOODSP)9.884901 |
| 775 | 08|t[Permis de travail ouverts pour les travailleurs vulnérables].|w(CaOODSP)9.884902 |
| 775 | 08|t[Ano ang open work permit for vulnerable workers?].|w(CaOODSP)9.884903 |
| 775 | 08|t[Permis de travail ouverts pour les travailleurs vulnérables].|w(CaOODSP)9.884905 |
| 775 | 08|t[Permis de travail ouverts pour les travailleurs vulnérables].|w(CaOODSP)9.884907 |
| 775 | 08|tPermis de travail ouverts pour les travailleurs vulnérables.|w(CaOODSP)9.884909 |
| 775 | 08|t[Permis de travail ouverts pour les travailleurs vulnérables].|w(CaOODSP)9.884911 |
| 775 | 08|tPermis de travail ouverts pour les travailleurs vulnérables.|w(CaOODSP)9.884910 |
| 794 | |tQu'est-ce qu'un permis de travail ouvert pour les travailleurs vulnérables?|w(CaOODSP)9.934204 |
| 856 | 40|qPDF|s679 Ko|uhttps://publications.gc.ca/collections/collection_2021/ircc/Ci4-204-2020-fra.pdf |